000 00589nam a2200193Ia 4500
003 GCL
008 140319s9999 xx 000 0 ara d
040 _aGCL /
_cGCL
082 0 4 _a813.03
_bا ح
100 1 _aادوار الخراط
245 1 0 _aالحساسية الجديدة: مقالات فى الظاهرة القصصية /
_cادوار الخراط
300 _a351 ص
490 _aكتاب
_v0
650 0 4 _aالادب العربى
650 0 4 _aالمقالات العربية
650 0 4 _aالمقالات
650 0 4 _aالرواية العربية
942 _2ddc
_cBK
999 _c41947
_d41947